College Quizbowl Stats
College Quizbowl Stats
Circuits
Seasons
Sets
Records
Detailed Stats
About
Loading...
Southeast
Tossups
Bonuses
Players
Teams
Categories (Tossup)
Categories (Bonus)
Tomas Ospina
Alabama A
Categories
Category
Powers
Gets
Negs
BBs
Points
Earliest Buzz
Avg. Buzz
First Buzzes
Top 3 Buzzes
BPA
PVF
Social Science
0
2
0
1
20
91
106.50
0
2
0.00
0.00
History - Other
0
1
0
0
10
42
42.00
1
1
0.00
0.00
Science - Biology
0
1
1
1
5
114
114.00
0
0
0.00
0.00
Science - Other
0
0
0
0
0
0.00
0
0
0.00
0.00
Buzzes
Category
Answer
Value
Buzz Position
History - Other
coffee
10
42
Social Science
equilibrium
10
91
Science - Biology
spores
10
114
Science - Biology
treadmills
-5
115
Social Science
education
10
122
Science - Other
Zermelo–Fraenkel set theory
0
124
Science - Other
tokens
0
145
Previous
1
Next